| 000 | 00466nam a22001697a 4500 | ||
|---|---|---|---|
| 999 |
_c525266 _d525266 |
||
| 003 | NUST | ||
| 020 | _cHardcover. | ||
| 038 | _awaseem | ||
| 082 |
_a891.423 _bNAD |
||
| 100 |
_aNadeem, Farooq _914883 |
||
| 245 |
_aFarooq Kayani / _cFarooq Nadeem |
||
| 260 |
_aLahore : _bInstitute of Punjabi Language and culture, _c1998. |
||
| 300 | _a156 p. ; | ||
| 880 |
_6100-01\r _aفاروق ندیم |
||
| 880 |
_6245-02\r _aفارُوق کہانیاں / |
||
| 942 |
_2ddc _cBK |
||